• 首页
  • 本馆介绍
  • 公告通知
  • 最新文献
  • 馆藏检索
  • 电子资源
  • 读者导购
  • 参考咨询
  • 我的图书馆
  • 登录
  • 详细信息显示
  • 放入我的书架
  • 预约/预借图书
  • 作者相关作品
  • 分类相关作品
  • 丛书相关作品
  • 出版社相关作品

书目信息

  • 表格格式
  • 工作单格式
  • 卡片格式
题名:
周恩来谈辩艺术
    
 
作者: 王捷 , 蔡华同 编著
分册:  
出版信息: 天津   天津人民出版社  1993.11
页数: 343页
开本: 19cm
丛书名: 伟人语言艺术丛书
单 册:
中图分类: K827.7 , H019
科图分类:
主题词: 语言艺术 , 语音学
电子资源:
ISBN: 7-201-01687-3
000 00878oam2 2200301 450
001 1574922011
005 20150120204913.07
010    @a7-201-01687-3@dCNY9.80
100    @a19940224d1993 em y0chiy0110 ea
101 0  @achi
102    @aCN@b120000
105    @af z 000yd
200 1  @a周恩来谈辩艺术@9zhou en lai tan bian yi shu@f王 捷,蔡华同编著
210    @a天津@c天津人民出版社@d1993.11
215    @a343页@c冠图@d19cm
225 2  @a伟人语言艺术丛书
330    @a包括综合、情趣、犀利、委婉和深邃5篇。
461  0 @12001 @a伟人语言艺术丛书
600  0 @a周恩来@f(1898~1976)@x语言艺术
600  0 @2CT@3S097207@a周恩来@f(1898~1976)
606 0  @a语言艺术
606 0  @a语音学
690    @aK827.7@v三版
690    @aH019@v4
701  0 @a王捷@9wang jie@4编著
701  0 @a蔡华同@9cai hua tong@4编著
801  0 @aCN@bTSSF@c20150120
905    @aZUCC@dH019@eJY7
    
    周恩来谈辩艺术/王 捷,蔡华同编著.-天津:天津人民出版社,1993.11
    343页:冠图;19cm.-(伟人语言艺术丛书)
    
    
    ISBN 7-201-01687-3:CNY9.80
    包括综合、情趣、犀利、委婉和深邃5篇。
●
相关链接 在E读中查询图书 在五车中查询图书 在当当中查询图书 在豆瓣中查询图书


正题名:周恩来谈辩艺术     索取号:H019/JY7         预约/预借

序号 登录号 条形码 馆藏地/架位号 状态 备注
1 7849932   278499322   学院路分馆/ [索取号:H019/JY7] 在馆    
2 7849933   278499331   学院路分馆/ [索取号:H019/JY7] 在馆    
唐山师范学院图书馆 欢迎您!
大连网信软件有限公司© 版权所有